Responses for Show #710 - Friday, October 9, 1987

Richard Perez-Pena game 3.

Contestants

[<< previous game]

Mary Dupuis, an architectural student originally from Cleveland, Ohio

John Gose, a caterer from Los Angeles, California

Richard Perez-Pena, a journalist originally from Cuba (whose 2-day cash winnings total $16,500)

[next game >>]

Jeopardy! Round responses

U.S. HISTORY
STARTS WITH "H"
KID STUFF
THE BIBLE
COMMON BONDS
FILMS!
(Alex: All of the film titles have an exclamation point at the end.)
    $100 1
Revolutionary War

John
    $100 17
hermit

John
    $100 10
Barbie

John
    $100 9
Goliath

John
    $100 22
canals

John
    $100 4
Oliver!

John
    $200 2
Madison

Richard
    $200 18
Hud

Mary
    $200 11
Pick Up Stix

Mary
    $200 27
Jericho

Mary
    $200 23
things that go around your waist

Mary
    $200 5
Help!

John
    $300 3
Jefferson Davis

John
    $300 19
(John: What is Hispaniolia?)

Hispaniola

John
Triple Stumper
    $300 12
Silly Putty

John
    $300 28
stones

John
    $300 24
(John: What are gods?)
(Alex: Be more specific.)

Egyptian gods

John
    $300 6
Hello, Dolly!

John
    $400 15
Daniel Boone

John
    $400 20
hara-kiri

Richard
    $400 13
Hong Kong

John
    $400 29
(Mary: Who is Isaac?)
(John: Who is Aaron?)

Ishmael

JohnMary
Triple Stumper
    $400 25
(Mary: What are things on trolley cars?)
(Alex: Be more specific.)
(Mary: In San Francisco?)
[Mary's response is accepted and the decision is later reversed.]

cable cars

Mary
Triple Stumper
    $400 7
Them!

John
    $500 16
Oberlin

Mary
    $600 21
Helen of Troy

Richard
    $500 14
My Pet Monster

Triple Stumper
    $500 30
Elijah

Richard
    $500 26
time machines

Mary
    $500 8
John: What is Viva Las Vegas!

Girls! Girls! Girls!

JohnMary

Scores at the first commercial break (after clue 14):

Richard John Mary
$200 $1,800 $700

Scores at the end of the Jeopardy! Round:

Richard John Mary
$1,700 $2,300 $1,500

Double Jeopardy! Round responses

FICTIONAL CHARACTERS
LANDMARKS
BOYS IN SONG
TRADE & FINANCE
SNAKES
DOUBLE MEANINGS
    $200 1
Jones

Richard
    $200 2
(Richard: What is the Valley of Thebes?)

Valley of the Kings

RichardJohn
    $200 7
The Boy from New York City

John
    $200 16
microchips (computer chips)

Mary
    $200 22
cobra

Mary
    $200 17
Milky Way

John
    $400 12
Hans Brinker

John
    $400 3
Peking (Beijing)

Richard
    $400 8
Charlie Brown

John
    $400 26
(Richard: What is Brazil?)

United States

RichardJohn
    $400 23
3 years

John
    $1,000 18
autumn leaves

John
    $600 13
Nora

John
    $600 4
Mahatma Gandhi

John
    $600 9
(John: Who is "Running Brave?")

"Running Bear"

John
Triple Stumper
    $600 27
(John: What is Chrysler?)

Texaco

JohnMary
    $600 24
adder

Richard
    $600 19
top drawer

Mary
    $800 14
Ballantrae

Mary
    $800 5
(Richard: What is Greenwich?)
(John: What is New Haven?)

New London

RichardJohn
Triple Stumper
    $800 10
(Mary: Who is my papa?)

Frankie

Mary
Triple Stumper
    $800 28
[End of round signals.]

the Vatican

Mary
    $800 25
[Alex named two other acceptable responses while indicating there were more.]

coral snake (copperhead, water moccasin)

John
    $800 20
step on it

Mary
    $1000 15
knight

Richard
    $1000 6
(John: What is McKinley?)

Eisenhower

John
Triple Stumper
    $1000 11
[Mary's response may also have ended with "you" or "ye."]

Johnny I hardly knew ya

Mary
    $1000 21
(John: What is...Oh, I don't know.)
(Mary: What is personal best?)
(Richard: What is record?)
(Alex: Be more specific.)
(Richard: What is personal record?)

track record

RichardJohnMary
Triple Stumper

Scores at the end of the Double Jeopardy! Round:

Richard John Mary
$1,500 $3,500 $4,700

[wagering suggestions for these scores]

Final Jeopardy! Round responses

FRANCE
RichardWho is Charles de Gaulle
$1,500
JohnWho was Geo. Pompidou?
$3,500
MaryWho was Chirac
$2,400
Charles de Gaulle

Final scores:

Richard John Mary
$3,000 $0 $2,300
3-day champion: $19,500 3rd place: Helbros his & hers watches 2nd place: trip on Continental to Acapulco, Mexico & stay at Acapulco Plaza

Game dynamics:

Coryat scores:

Richard John Mary
$1,400 $2,900 $4,700
8 R
(including 1 DD),
4 W
26 R
(including 1 DD),
8 W
15 R,
4 W

Combined Coryat: $9,000

[game clues] [game scores] [suggest correction]

Game tape date: 1987-06-23
The J! Archive is created by fans, for fans. Scraping, republication, monetization, and malicious use prohibited; this site may use cookies and collect identifying information. See terms. The Jeopardy! game show and all elements thereof, including but not limited to copyright and trademark thereto, are the property of Jeopardy Productions, Inc. and are protected under law. This website is not affiliated with, sponsored by, or operated by Jeopardy Productions, Inc. Join the discussion at JBoard.tv.